00815naa a2200205 i 45000010005000000030009000050050017000140080039000310400021000700800015000910800012001061000117001182450062002356500041002976500019003386500017003577730207003749420013005819990015005949925KOSZ 00520180427082849.0120618s2012 pl f f |000 p pol cBPKdKOSZ 005/EG a005:004.03 a(075.8)1 aNIEKRASZ, Barbara.bPolitechnika Koszalińska - Wydział Ekonomii i Zarządzania,cKatedra Metod Ilościowych10aProgram obsługi baz danych - Access /cBarbara Niekrasz. 0aSystemy informatyczne zarządzania. 0aProgramowanie. 0aBazy danych.0 iW :tInformatyka dla kadry kierowniczej przedsiębiorstwa : podręcznik akademicki / pod red. Eugeniusza Michalskiego. -dKoszalin : Wydaw. Uczelniane Politechniki Koszalińskiej, 2012. -gs. 277-349 cROZ2UKD c9925d9925